000 00700nam a2200289Ia 4500
005 20260324124644.0
008 008 260324s9999 xx 000 0 eng d
020 _a9781315586540
037 _aEBOOK
040 _aCRL
040 _beng
040 _cCRL
041 _2eng
041 _aeng
084 _qCRL
100 _aMargaret Toscano; Isabel Moreira
_91175001
245 0 _aHell and its Afterlife
245 0 _bHistorical and Contemporary Perspectives
260 _bTaylor and Francis
260 _c2010
365 _a
365 _b240
856 _uhttp://www.taylorfrancis.com/books/9781315586540
942 _cEBOOK
999 _c1769553
_d1769553